| 000 | 00388nam a2200157Ia 4500 | ||
|---|---|---|---|
| 008 | 230711s9999||||xx |||||||||||||| ||und|| | ||
| 041 | _aENG | ||
| 082 |
_a624 _bWA-B |
||
| 100 | _aChen,Wai-Fai | ||
| 245 | 0 | _aBridge engineering: seismic design | |
| 250 | _a1st . Ed. | ||
| 260 |
_c2003 _aNew Delhi _bCRC Press Florida |
||
| 650 | _aCivil Engineering | ||
| 700 | _aDuan,Lian | ||
| 942 | _cBK | ||
| 999 |
_c4382 _d4382 |
||